000
00495nam a2200169Ia 4500
008
090711s9999 xx 000 0 und d
082
_b
537
100
_a
शेट्ये वि. गो.
245
_a
लोकशासन
260
_b
"यशवंत प्रेस,"
_c
1919
300
_a
116
600
_a
शेट्ये वि. गो.
630
_a
लोकशासन
700
_a
शेट्ये वि. गो.
730
_a
लोकशासन
942
_c
BOOK
999
_c
301082
_d
301082